|
|
|
|
| LEADER |
02300nem a22004932a 4500 |
| 001 |
mzk03001028614 |
| 003 |
CZ BrMZK |
| 005 |
20130410125626.0 |
| 007 |
aj|ca||| |
| 008 |
050926q17511774gw i||||||a|||r|0|||gerod |
| 034 |
1 |
|
|a a
|b 458300
|d E0161600
|e E0174300
|f N0511500
|g N0505100
|
| 040 |
|
|
|a BOA001
|b cze
|
| 043 |
|
|
|a e-pl---
|
| 072 |
|
7 |
|a 912:904
|x Staré mapy
|2 Konspekt
|9 7
|
| 080 |
|
|
|a (084.1)
|2 MRF
|
| 080 |
|
|
|a (084.3)
|2 MRF
|
| 080 |
|
|
|a (438)
|2 MRF
|
| 080 |
|
|
|a 912.43:069.5
|2 MRF
|
| 245 |
0 |
4 |
|a Das Fürstenthum Bresslau in Nieder-Schlesien
|h [kartografický dokument] /
|c Schleuen exc. Berlin
|
| 255 |
|
|
|a Měřítko [ca 1:458 300]. 6,3 cm = 6 Teutsche Meilen
|c (016°16´00" v.d.--017°43´00" v.d./051°15´00" s.š.--050°51´00" s.š.)
|
| 260 |
|
|
|a Berlin :
|b Schleuen,
|c [mezi 1751 a 1774?]
|
| 300 |
|
|
|a 1 mapa :
|b mědirytina, ručně kolorovaná, podlepeno papírem ;
|c 16,1 x 27,7 cm na listu 35 x 29,5 cm
|
| 500 |
|
|
|a Podlepeno papírem o velikosti 56 x 63,5 cm
|
| 500 |
|
|
|a Roubík, F. Soupis map českých zemí neuvádí
|
| 500 |
|
|
|a Výzdoba: Při horním okraji draperie s legendou, v levém dolním rohu grafické měřítko, v pravém dolním rohu deska s názvem, v mapovém rámci geografické souřadnice, nad i pod mapovým rámcem veduty
|
| 505 |
2 |
0 |
|t Breslau, die Hauptstadt so wol die ses Fürstenthums als des gantzen Schlesiens.
|g 9 x 29 cm --
|t Dohm vor Breslau.
|g 9 x 15 cm --
|t Namslau.
|g 9 x 14 cm
|
| 510 |
4 |
|
|a Kuchař, K. Mapová sbírka B.P. Molla,
|c s. 240
|
| 655 |
|
7 |
|a historické mapy
|7 fd186723
|2 czenas
|
| 655 |
|
7 |
|a veduty
|7 fd133805
|2 czenas
|
| 650 |
0 |
4 |
|a Mollova mapová sbírka
|
| 650 |
0 |
7 |
|a mapové sbírky
|z Česko
|7 ph182407
|2 czenas
|
| 610 |
2 |
7 |
|a Moravská zemská knihovna (Brno, Česko).
|b Mapová sbírka B.P. Molla
|7 mzk2005304487
|2 czenas
|
| 651 |
|
7 |
|a Namysłów (Polsko)
|7 ge691067
|2 czenas
|
| 651 |
|
7 |
|a Vratislav (Polsko : oblast)
|7 ge191392
|2 czenas
|
| 651 |
|
7 |
|a Vratislav (Polsko)
|7 ge131413
|2 czenas
|
| 651 |
|
7 |
|a Slezsko
|7 ge130850
|2 czenas
|
| 856 |
4 |
1 |
|u http://mapy.mzk.cz/mzk03/001/028/614/2619321430
|y Digitalizovaný dokument
|
| 903 |
|
|
|a RP
|
| 910 |
|
|
|a BOA001
|b Moll-0001.821
|
| 978 |
|
|
|b Schleuen, Johann David
|a Berlin
|c 1751-1774
|
| 984 |
|
|
|a Berlín
|b Německo
|
| 985 |
|
|
|a 1751-1800
|
| 990 |
|
|
|a MP
|
| 991 |
|
|
|k mzk
|